000 00732cab a2200265 4500
001 ABS45910
008 090401t1992 xxu||||| |||| 00| 0 eng d
035 _a(Sirsi) u55836
041 _aeng
100 _aBirkbeck, D.
245 _aDesert island disks
260 _c1992
350 _a0
490 _aBuilding
_v257(7733) 21 February 1992, 52-53(2)
520 _aCompares four portable computers and analyses their use to surveyors.
650 _aCOMPUTERS
650 _aFIELD-PROOF PC
650 _aLAPTOP COMPUTERS
650 _aMACINTOSH PORTABLE
650 _aPALMTOP
650 _aPORTABLE COMPUTERS
690 _aMANAGEMENT-BUSINESS MANAGEMENT-INFORMATION MANAGEMENT
942 _n0
948 _c04/03/1997
999 _c34130
_d34130